LEADER 01556nam 2200445z 450 001 9910346830403321 005 20230425170333.0 010 $a9783845207216 010 $a3845207213 035 $a(CKB)4340000000008044 035 $a(oapen)https://directory.doabooks.org/handle/20.500.12854/61605 035 $a(ScCtBLL)16eebbc6-2d84-4726-b6da-f0da55db06e4 035 $a(OCoLC)1163805493 035 $a(oapen)doab61605 035 $a(EXLCZ)994340000000008044 100 $a20202102d2008 uy 0 101 0 $ager 135 $aurmn|---annan 181 $ctxt$2rdacontent 182 $cc$2rdamedia 183 $acr$2rdacarrier 200 10$aUngerechtigkeiten$eAnmerkungen zur westlichen Leidkultur 205 $a1 ed. 210 $cNomos Verlagsgesellschaft mbH & Co. KG$d2008 215 $a1 electronic resource (58 p.) 225 1 $aWürzburger Vorträge zur Rechtsphilosophie, Rechtstheorie und Rechtssoziologie 311 08$a9783832931414 311 08$a3832931414 330 $aIn der Rechtsphilosophie gibt es vielfältige Bemühungen um eine Theorie der Gerechtigkeit. Der Autor plädiert jedoch dafür, bei Erfahrungen von Ungerechtigkeit zu beginnen, statt sich am Begriff der Gerechtigkeit abzuarbeiten. 606 $aLaw / Reference$2bisacsh 606 $aLaw 615 7$aLaw / Reference 615 0$aLaw. 700 $aRottleuthner$b Hubert$4auth$0263257 801 0$bScCtBLL 801 1$bScCtBLL 906 $aBOOK 912 $a9910346830403321 996 $aUngerechtigkeiten$93022728 997 $aUNINA